Random Sentence to Language - Statistics

General Stats
  • This quiz has been taken 28 times
  • The average score is 7 of 12
Answer Stats
Sentence Language % Correct
Paketoj kutinë time me pesë duzina kana pijesh. Albanian
100%
ሳጥኔን በአምስት ደርዘን የመጠጥ ጣሳዎች ያሸጉት። Amharic
100%
املأ صندوقي بخمس عشرة زجاجة من الخمور. Arabic
100%
Pak min æske med fem dusin spirituskander. Danish
100%
Vul mijn doos met vijf dozijn kannen drank. Dutch
100%
Pack my box with five dozen liquor jugs. English
100%
Remplissez mon carton de cinq douzaines de cruches d’alcool. French
100%
Pack meine Kiste mit fünf Dutzend Schnapsflaschen. German
100%
E hoʻopaʻa i kaʻu pahu me ʻelima mau ʻeke waiʻona. Hawaiian
100%
मेरे बक्से में पांच दर्जन शराब के जग भर दो। Hindi
100%
Riempi la mia scatola con cinque dozzine di caraffe di liquore. Italian
100%
私の箱に5ダースの酒瓶を詰めてください。 Japanese
100%
ខ្ចប់​ប្រអប់​ខ្ញុំ​ជាមួយ​កែវ​ស្រា​ប្រាំ​ដប់។ Khmer
100%
내 상자에 술병 50개를 채워주세요. Korean
100%
Arcam meam stipant cum liquore quinque duodenarum amphoris. Latin
100%
Pakk boksen min med fem dusin spritkanner. Norwegian
100%
Zapakuj do mojego pudełka pięć tuzinów dzbanków z alkoholem. Polish
100%
Encha minha caixa com cinco dúzias de jarras de bebidas. Portuguese
100%
Наполни свою коробку пятью дюжинами бутылок со спиртным. Russian
100%
Packa min låda med fem dussin spritkannor. Swedish
100%
Đóng gói thùng của tôi với năm tá bình đựng rượu. Vietnamese
100%
Împachetează-mi cutia cu cinci duzini de ulcioare cu lichior. Romanian
83%
Llena mi caja con cinco docenas de jarras de licor. Spanish
83%
Kutumu beş düzine içki sürahisiyle doldur. Turkish
83%
Empaqueta la meva caixa amb cinc dotzenes de gerres de licor. Catalan
80%
แพ็คกล่องของฉันด้วยเหยือกเหล้าสักห้าโหล Thai
80%
Опаковайте кутията ми с пет дузини кани за алкохол. Bulgarian
75%
把我的箱子里装满五打酒壶。 Chinese
75%
Συσκευάζω το κουτί μου με πέντε ντουζίνες κανάτες ποτών. Greek
75%
Paciwch fy mocs gyda phum dwsin o jygiau gwirod. Welsh
71%
ჩაალაგე ჩემი ყუთი ხუთი ათეული ლიქიორით. Georgian
67%
Jiri ite mmanya iri na abuo bujuo igbe m. Igbo
67%
Миний хайрцгийг таван арван архины лонхтой хамт боож өг. Mongolian
67%
నా పెట్టెని ఐదు డజన్ల మద్యం జగ్‌లతో ప్యాక్ చేయండి. Telugu
67%
Упакуйте мою коробку з п'ятьма десятками глечиків. Ukrainian
67%
Pak my boks met vyf dosyn drankkanne. Afrikaans
60%
Pakkaa laatikkooni viisi tusinaa viinakannua. Finnish
60%
Փաթեթավորիր իմ տուփը հինգ տասնյակ լիկյորի սափորներով: Armenian
50%
Pakatu nire kutxa bost dozena likore pitxerrekin. Basque
50%
আমার বাক্সটি পাঁচ ডজন মদের জগ দিয়ে প্যাক করুন। Bengali
50%
Spakiraj moju kutiju s pet tuceta vrčeva pića. Croatian
50%
Zabal mi krabici s pěti tucty džbánů s alkoholem. Czech
50%
ארוז את הקופסה שלי עם חמישה תריסר קנקני אלכוהול. Hebrew
50%
Pakkaðu kassanum mínum með fimm tugum áfengiskönnum. Icelandic
50%
Paca mo bhosca le cúig dhosaen crúiscín meisciúla. Irish
50%
Менің қорапты бес ондаған құмырамен толтырыңыз. Kazakh
50%
Bungkus kotak saya dengan lima dozen jag minuman keras. Malay
50%
Patohia taku pouaka me nga ipu waipiro e rima tatini. Maori
50%
جعبه ام را با پنج دوجین کوزه مشروب بسته بندی کنم. Persian
50%
Tu'u la'u pusa ma fagu ava e lima taseni. Samoan
50%
Спакуј моју кутију са пет десетина бокала за пиће. Serbian
50%
Zabaľte mi do krabice päť tuctov džbánov s alkoholom. Slovak
50%
Gutujymy bäş sany likýor küýzesi bilen gaplaň. Turkmen
50%
Pakisha ibhokisi lami nezimbiza zotshwala ezingamashumi amahlanu. Zulu
50%
ਮੇਰੇ ਡੱਬੇ ਨੂੰ ਪੰਜ ਦਰਜਨ ਸ਼ਰਾਬ ਦੇ ਜੱਗਾਂ ਨਾਲ ਪੈਕ ਕਰੋ। Punjabi
40%
I-pack ang aking kahon ng limang dosenang pitsel ng alak. Filipino
33%
Isi kotakku dengan lima lusin kendi minuman keras. Indonesian
33%
Pakia kisanduku changu na mitungi kumi na tano ya pombe. Swahili
29%
用五十幾個酒壺包我個盒。 Cantonese
25%
Ntim kuv lub thawv nrog tsib lub kaum dej cawv. Hmong
25%
Pakisha ibhokisi yam neejagi zotywala ezingamashumi amahlanu. Xhosa
20%
Pakkige mu kasti viis tosinat kannikest. Estonian
17%
Qutiya min bi pênc deh çîpên araqê pak bikin. Kurdish
17%
Paku mian skatolon per kvin dekduoj da likvorkruĉoj. Esperanto
0%
Pack na noqu kato kei na lima na daseni na tavaya yaqona ni valagi. Fijian
0%
મારા બોક્સને પાંચ ડઝન દારૂના જગથી પેક કરો. Gujarati
0%
Pake bwat mwen an ak senk douzèn krich likè. Haitian Creole
0%
Csomagolja be a dobozomba öt tucat italos kancsót. Hungarian
0%
ບັນຈຸກ່ອງຂອງຂ້ອຍດ້ວຍຈອກເຫຼົ້າຫ້າສິບ. Lao
0%
Fenoy ny vatako misy siny zava-pisotro misy alikaola dimy ambin'ny folo. Malagasy
0%
Ippakkja l-kaxxa tiegħi b'ħames tużżani buqar tax-xorb. Maltese
0%
Sanduuqayga ku xidh shan darsin weel oo khamri ah. Somali
0%
Минем тартманы биш дистә аракы савыт белән тутырыгыз. Tatar
0%
Pa apoti mi pẹlu awọn ago ọti mejila marun. Yiddish
0%
פּאַק מיין קעסטל מיט פינף טוץ מאַשקע דזשאַגז. Yoruba
0%
No matching quizzes found
Score Distribution
Percent of People with Each Score
Percentile by Number Answered
Your Score History
You have not taken this quiz